Statistics for U.S. States That End With A

Click here to take the quiz!

General Stats

  • This quiz has been taken 82 times
  • The average score is 20 of 21

Answer Stats

State% Correct
Alabama
99%
Alaska
97%
California
97%
North Dakota
97%
Virginia
97%
Pennsylvania
96%
South Dakota
96%
West Virginia
96%
Georgia
95%
Iowa
95%
Louisiana
95%
Nevada
95%
North Carolina
95%
South Carolina
95%
Arizona
93%
Florida
93%
Nebraska
90%
Indiana
89%
Montana
89%
Oklahoma
84%
Minnesota
81%

Score Distribution

Percentile by Number Answered

Percent of People with Each Score

Your Score History

You have not taken this quiz